000 00521nam a22001337a 4500
020 _a9780878492688
082 _a620.11
_bSHA
100 _aKhan, Shaheed
245 _aAdvanced Materials XI :
_b selected, peer reviewed papers from the 11th International Symposium on Advanced Materials, 08-12 August, 2009, Islamabad, Pakistan /
_cShaheed Khan
260 _aSwitzerland ,
_bTrans Tech Pub ,
_c2010.
300 _ax, 468p.
_bPaperback
_c24cm.
700 _aIftikhar us Salam & Karim Ahmed
_9124775
942 _2ddc
_cBK
999 _c610566
_d610566